| Tag |
First Indicator |
Second Indicator |
Subfields |
| LEADER |
00000cam a22000004i 4500 |
| 001 |
in00004017321 |
| 008 |
180827s2018 nyua b 001 0deng |
| 005 |
20240705220753.9 |
| 010 |
|
|
|a 2018002809
|
| 019 |
|
|
|a 1057410791
|
| 020 |
|
|
|a 9780374306120
|q (hardcover)
|
| 020 |
|
|
|a 0374306125
|
| 024 |
8 |
|
|a 40028727010
|
| 035 |
|
|
|a (OCoLC)on1050457376
|
| 035 |
|
|
|a (OCoLC)1050457376
|
| 040 |
|
|
|a DLC
|b eng
|e rda
|c DLC
|d BDX
|d TOH
|d OCLCF
|d MEA
|d III
|d XHS
|d QQ3
|d IFJ
|d UAP
|d IHX
|d RIOSL
|d EHH
|d TXMML
|d DLC
|d OCLCO
|d JQM
|d NYP
|d ILC
|d OCLCQ
|
| 042 |
|
|
|a pcc
|
| 043 |
|
|
|a n-us-in
|a n-us---
|
| 049 |
|
|
|a TXAM
|
| 050 |
0 |
0 |
|a GV885.43.C8
|b H66 2018
|
| 082 |
0 |
0 |
|a 796.323092
|a B
|2 23
|
| 100 |
1 |
|
|a Hoose, Phillip M.,
|d 1947-
|e author.
|
| 245 |
1 |
0 |
|a Attucks! :
|b Oscar Robertson and the basketball team that awakened a city /
|c Phillip Hoose.
|
| 250 |
|
|
|a First edition.
|
| 264 |
|
1 |
|a New York :
|b Farrar Straus Giroux Books for Young Readers,
|c [2018]
|
| 300 |
|
|
|a 212 pages :
|b illustrations ;
|c 23 cm
|
| 336 |
|
|
|a text
|b txt
|2 rdacontent
|
| 337 |
|
|
|a unmediated
|b n
|2 rdamedia
|
| 338 |
|
|
|a volume
|b nc
|2 rdacarrier
|
| 504 |
|
|
|a Includes bibliographical references and index.
|
| 505 |
0 |
|
|a A note from the author: Oscar's contention -- Prologue: Flap's shot -- North toward hope -- Hoosier hysteria -- Ray Crowe: "I would love to meet your family" -- Gentlemen or warriors? -- A form of jazz -- Ten for the referees -- "To be around my people" -- "Attucks was ours" -- Perfection -- Legacy -- Acknowledgments -- The times that followed.
|
| 520 |
|
|
|a "By winning the state high school basketball championship in 1955, ten black teens from an Indianapolis school meant to be the centerpiece of racially segregated education in Indiana shattered the myth of their inferiority. Their brilliant coach had fashioned an unbeatable team from a group of boys born in the South and raised in poverty. Anchored by the astonishing Oscar Robertson, a future college and NBA star, the Crispus Attucks Tigers went down in history as the first state champions from Indianapolis, and the first all-black team in U.S. history to win a racially open championship tournament - an integration they had forced with their on-court prowess."--Jacket flap.
|
| 520 |
|
|
|a Indianapolis, 1955. They were meant to be the centerpiece of racially segregated education in the state, but shattered the myth of their inferiority. Anchored by Oscar Robertson, a future college and NBA star, the Crispus Attucks Tigers went down in history because of their on-court prowess. Hoose tells the true story of how an all-black high school basketball team became the first state champions from Indianapolis-- and the first all-black team in U.S. history to win a racially open championship tournament. Against impossible odds, they made a difference when it mattered most. -- adapted from jacket
|
| 586 |
|
|
|a American Library Association Notable Children's Bk
|
| 610 |
2 |
0 |
|a Crispus Attucks Tigers (Basketball team)
|x History.
|
| 600 |
1 |
0 |
|a Robertson, Oscar,
|d 1938-
|
| 600 |
1 |
7 |
|a Robertson, Oscar,
|d 1938-
|2 fast
|0 (OCoLC)fst00415964
|
| 610 |
2 |
7 |
|a Crispus Attucks Tigers (Basketball team)
|2 fast
|0 (OCoLC)fst00759449
|
| 610 |
2 |
1 |
|a Crispus Attucks Tigers (Basketball team)
|x History.
|
| 600 |
1 |
1 |
|a Robertson, Oscar,
|d 1938-
|
| 650 |
|
0 |
|a African American basketball coaches
|v Biography.
|
| 650 |
|
0 |
|a African American basketball players
|v Biography.
|
| 650 |
|
0 |
|a Basketball players
|z United States
|v Biography.
|
| 650 |
|
0 |
|a Basketball teams
|z Indiana
|z Indianapolis
|x History.
|
| 651 |
|
0 |
|a United States
|x Race relations
|x History
|y 20th century.
|
| 650 |
|
7 |
|a SPORTS & RECREATION / General.
|2 bisacsh
|
| 650 |
|
7 |
|a Basketball players.
|2 fast
|0 (OCoLC)fst00828280
|
| 651 |
|
7 |
|a United States.
|2 fast
|0 (OCoLC)fst01204155
|
| 650 |
|
1 |
|a Basketball players.
|
| 650 |
|
4 |
|a SPORTS & RECREATION / General.
|
| 650 |
|
4 |
|a Basketball players
|z United States
|v Biography.
|
| 655 |
|
7 |
|a Biography.
|2 fast
|0 (OCoLC)fst01423686
|
| 655 |
|
7 |
|a History.
|2 fast
|0 (OCoLC)fst01411628
|
| 655 |
|
7 |
|a Biographies.
|2 lcgft
|
| 655 |
|
7 |
|a Young adult nonfiction.
|2 lcgft
|
| 945 |
|
|
|b 867466
|
| 947 |
|
|
|a A14850568578
|
| 948 |
|
|
|a Cataloged
|b h
|c 2019/1/28
|d c
|e LEverett
|f 11:56:21 AM
|
| 994 |
|
|
|a 92
|b TXA
|
| 999 |
f |
f |
|s b9ceae2e-25b4-3e01-ad0c-0e317a222b65
|i 60850ad0-a922-3743-b44b-0b6c1ac19be8
|t 0
|
| 952 |
f |
f |
|p normal
|a Texas A&M University
|b College Station
|c Sterling C. Evans Library
|d Evans: Curriculum Collection (4th floor)
|t 0
|e GV885.43.C8 H66 2018
|h Library of Congress classification
|i unmediated -- volume
|m A14850568578
|
| 998 |
f |
f |
|a GV885.43.C8 H66 2018
|t 0
|l Evans: Curriculum Collection (4th floor)
|